Statistiques concernant Culture Générale - Série 1058

Cliquez ici pour prendre le quiz!

Statistiques générales

  • Ce quiz a été pris 38 fois
  • Le résultat moyen est 6 sur 10

Statistiques - réponses

Question Réponse % Correct
Chez l'être humain, quel est l'organe du toucher et de la préhension ?main
85%
Quelle est la langue officielle des Pays-Bas ?néerlandais
85%
Quel est le grade de Navarro, dans la série du même nom ?Commissaire
79%
On doit les tubes "Let's Groove", "September" et "Fantasy" au groupe de funk: "Earth, Wind and...Fire
71%
A quel organe se rapporte l'expression "rouler des billes" ?oeil
68%
Avec la création de colléges et de lycées, la loi Camille Sée de 1880 ouvre l'enseignement secondaire public, aux ...filles
50%
Quel acteur, au nom d'origine italienne, est Teddy Daniels dans le film de Martin Scorsese "Shutter Island", sorti en 2010 ?Leonardo DiCaprio
50%
Qu'est-ce qui peut être de boucher, du droit, du gauche ou radiophonique ?crochet
44%
En 1970, quelle île du sud de l'Angleterre accueille un grand festival de musique où triomphe Jimi Hendrix, aux côtés de Miles Davis, The Doors et The Who ?île de Wight
24%
Sous quels prénom et nom connaît-on mieux Marie-Josèphe Rose Tascher de La Pagerie ?Joséphine de Beauharnais
15%

Distribution des résultats

Percentile par nombre de réponses

% des personnes avec chaque résultat

Votre développement - résultats

Vous n’avez pas pris ce quiz